000 01231cam a22002773a 4500
001 6694
003 PGUSA
005 20140828083135.0
008 041001s2004||||xxu|||||s|||||000 1 eng d
040 _aPGUSA
_beng
042 _adc
050 4 _aPT
100 1 _aStrindberg, August,
_d1849-1912
245 1 0 _aIn Midsummer Days, and Other Tales
_h[electronic resource] /
_cAugust Strindberg
260 _bProject Gutenberg,
_c2004
505 0 _aIn midsummer days -- The big gravel-sifter -- The sluggard -- The pilot's troubles -- Photographer and philosopher -- Half a sheet of foolscap -- Conquering hero and fool -- What the tree-swallow sang in the buckthorn tree -- The mystery of the tobacco shed -- The story of the St. Gotthard -- The story of Jubal who had no "I" -- The golden helmets in the Alleberg -- Little Bluewing find the goldpowder.
506 _aPublic domain in the USA.
516 _aElectronic text
653 _aSweden -- Social life and customs -- Fiction
653 _aStrindberg, August, 1849-1912 -- Translations into English
653 _aShort stories
700 1 _aSchleussner, Ellie
830 0 _aProject Gutenberg
_v6694
856 4 0 _uhttp://www.gutenberg.org/ebooks/6694
942 _cEB
999 _c236014
_d236014